| 000 | 00419nam a2200133Ia 4500 | ||
|---|---|---|---|
| 008 | 210430s9999 xx 000 0 und d | ||
| 020 | _a9789695623732 | ||
| 082 | _a891.914391 M236A | ||
| 100 | _aDr. Shafifq Malik | ||
| 245 | 4 |
_aAllama Iqbal As Reported inThe Police Abstract of Intelligence, Punjab (1904-1935) / _cDr. Shafifq Malik |
|
| 260 |
_aLahore. _bFiction House. _c2015 |
||
| 300 | _a208p. | ||
| 942 |
_cBK _2ddc |
||
| 999 |
_c565523 _d565523 |
||